Statistiken für Minecraft Varo 4 Teilnehmer

Klicken Sie hier um das Quiz zu spielen!

Allgemein

  • Dieses Quiz wurde 3.171 mal gespielt
  • Das Durchschnittsergebnis liegt bei 25 aus 66

Antwortstatistiken

Antwort% Korrekt
BastiGHG
95%
Paluten
94%
GermanLetsPlay
91%
byStegi
86%
VeniCraft
82%
rewinside
81%
ungespielt
75%
ConCrafter
73%
Dner
72%
Zombey
72%
SparkofPhoenix
71%
maudado
70%
CastCrafter
67%
KranCrafter
66%
Sturmwaffel
66%
GommeHD
64%
MCExpertDE
62%
izzi
52%
FazonHD
50%
DoctorBenx
48%
MrMoreGame
47%
Debitor
43%
LPmitKev
43%
Rotpilz
43%
AviveHD
40%
LetsPhil
40%
Gamerstime
38%
Haubna
38%
Beni
37%
Petrit
36%
LOGO
35%
Br4mm3n
34%
Zander
34%
baastiZockt
31%
ARRi
28%
MOOO
28%
Earliboy
27%
Dhalucard
25%
Tobination
25%
Sarazar
24%
CoRRoNa
23%
H0llyLP
23%
DelayLP
21%
Vicevice
21%
minusdude
20%
NichtNilo
20%
Balui
19%
AnyArt
18%
EsKay
18%
skate702
17%
Fr3akzLP
16%
Dadosch
15%
OdinakaJesus
15%
Selbstgespräch
15%
Doim95
14%
easn
14%
nexotekHD
14%
tinNendo
13%
QuotenKadl
12%
Takaishii
12%
DestinyCast
11%
Taros
11%
Kukielka
10%
SergeantMax
10%
KiwiKilian
9%
Giga Grievi
8%

Verteilung der Resultate

Perzentil nach korrekt beantworteten Fragen

Anzahl Personen mit jedem Resultat

Ihre Resultats-Entwicklung

Sie haben dieses Quiz noch nicht gespielt